2026 FIFA World Cup Teams - Statistics

General Stats
  • This quiz has been taken 203 times
    27 since last reset
  • The average score is 40 of 48
Answer Stats
Group Team % Correct
I France
100%
A Mexico
100%
F Netherlands
100%
I Norway
100%
F Sweden
100%
B Switzerland
100%
J Argentina
93%
J Austria
93%
C Brazil
93%
B Canada
93%
G Egypt
93%
L England
93%
E Germany
93%
I Iraq
93%
F Japan
93%
G New Zealand
93%
A South Africa
93%
A South Korea
93%
D United States
93%
D Australia
87%
G Iran
87%
H Saudi Arabia
87%
C Scotland
87%
I Senegal
87%
F Tunisia
87%
H Uruguay
87%
G Belgium
80%
K Colombia
80%
E Curaçao
80%
A Czech Republic
80%
E Ecuador
80%
C Haiti
80%
C Morocco
80%
K Portugal
80%
B Qatar
80%
H Spain
80%
B Bosnia and Herzegovina
73%
L Croatia
73%
L Ghana
73%
D Turkey
73%
K Uzbekistan
73%
J Algeria
67%
H Cape Verde
67%
J Jordan
67%
K Democratic Republic of the Congo
60%
E Ivory Coast
60%
L Panama
60%
D Paraguay
60%
No matching quizzes found
Score Distribution
Percent of People with Each Score
Percentile by Number Answered
Your Score History
You have not taken this quiz since the last reset